logo

Bir Sreshtho Munshi Abdur Rouf Library
Jhenaidah Cadet College

Higher Mathematics Second Paper For Classes XI-XII / (Record no. 5478)

MARC details
000 -LEADER
fixed length control field 00624nam a2200229 a 4500
001 - CONTROL NUMBER
JCCL Control Number 5478
003 - CONTROL NUMBER IDENTIFIER
JCCL marc code BD-JhCC
005 - DATE AND TIME OF LATEST TRANSACTION
control field 20200426134007.0
008 - FIXED-LENGTH DATA ELEMENTS--GENERAL INFORMATION
fixed length control field 171217s20142015bg a|||| || | 000 0 eng d
035 ## - SYSTEM CONTROL NUMBER
system control number (BD-JhCC)5478
040 ## - CATALOGING SOURCE
Original cataloging agency BD-JhCC
Modifying agency BD-JhCC
041 ## - LANGUAGE CODE
Language code of Book eng
082 ## - DEWEY DECIMAL CLASSIFICATION NUMBER
Classification number 515
Author mark and Year ISL 2015
100 ## - MAIN ENTRY--PERSONAL NAME
Personal name Islam. Md. Nazrul
245 ## - TITLE STATEMENT
Title Higher Mathematics Second Paper For Classes XI-XII /
Statement of responsibility, etc Md. Nazrul Islam & Md. Katab Uddin
260 ## - PUBLICATION, DISTRIBUTION, ETC. (IMPRINT)
Place of publication, distribution, etc Dhaka :
Name of publisher, distributor, etc Tarif-Nazim,
Date of publication, distribution, etc 2015.
300 ## - PHYSICAL DESCRIPTION
Pagination 348 p. :
Dimensions 24 cm.
650 ## - SUBJECT ADDED ENTRY--TOPICAL TERM
Topical term or geographic name as entry element Mathematics Analysis
700 ## - ADDED ENTRY--PERSONAL NAME
Personal name Uddin, Md. Katab
942 ## - ADDED ENTRY ELEMENTS (KOHA)
Source of classification or shelving scheme Dewey Decimal Classification
Koha item type Books
Koha issues (borrowed), all copies 2
Holdings
Source of classification or shelving scheme Damaged status Not for loan Home library Current library Shelving location Date of accession Cost, normal purchase price Total Checkouts Full call number Barcode Date last seen Date checked out Copy number Koha item type
Dewey Decimal Classification     JCC Rouf Library JCC Rouf Library General Stacks 12/17/2017 350.00 4 515 ISL 2015 7618 12/18/2025 08/11/2025 C - 1 Books
Dewey Decimal Classification     JCC Rouf Library JCC Rouf Library General Stacks   350.00 1 515 ISL 2015 8460 06/15/2020 04/25/2020 C - 1 Books
Dewey Decimal Classification     JCC Rouf Library JCC Rouf Library General Stacks 02/09/2025 350.00 1 515 ISL 2015 9100 02/13/2025 02/09/2025 C - 3 Books

JCC Library | Contacts | JCC Home

Last Update on 23 September 2017
Copyright @ 2017-2020 JCC Rouf Library
Rouf Library, Jhenidah Cadet College (JCC), Bangladesh